Problemas de la responsabilidad y del daño / (Record no. 108263)

MARC details
000 -LEADER
campo de control de longitud fija 00632nam a2200181 4500
001 - NÚMERO DE CONTROL
campo de control 108263
003 - IDENTIFICADOR DE NÚMERO DE CONTROL
campo de control ES-MaACL
005 - FECHA Y HORA DE LA ÚLTIMA TRANSACCIÓN
campo de control 20230906184618.0
007 - CAMPO FIJO DE DESCRIPCIÓN FÍSICA--INFORMACIÓN GENERAL
campo de control de longitud fija t|
008 - DATOS DE LONGITUD FIJA--INFORMACIÓN GENERAL
campo de control de longitud fija 061121s1955 sp r ||||1| spa d
100 1# - ENTRADA PRINCIPAL--NOMBRE DE PERSONA
Nombre de persona Montel, Alberto.
9 (RLIN) 82446
245 10 - MENCIÓN DEL TÍTULO
Título Problemas de la responsabilidad y del daño /
Mención de responsabilidad, etc. Alberto Monel, versión española por Francisco Sobrao Martínez; prólogo y notas de derecho español por J. Roca Juan.
260 ## - PUBLICACIÓN, DISTRIBUCIÓN, ETC.
Lugar de publicación, distribución, etc. Alcoy :
Nombre del editor, distribuidor, etc. Marfil,
Fecha de publicación, distribución, etc. 1955.
300 ## - DESCRIPCIÓN FÍSICA
Extensión 297 p. ;
Dimensiones 24 cm.
700 1# - ENTRADA AGREGADA--NOMBRE PERSONAL
Nombre de persona Sobrao Martínez, Francisco.
9 (RLIN) 106993
700 1# - ENTRADA AGREGADA--NOMBRE PERSONAL
Nombre de persona Roca Juan, Juan.
9 (RLIN) 97999
852 ## - LOCALIZACIÓN
Ubicación ES-MaACL
Número de control de estantería C-22448
Sublocalización o colección R.50138
Holdings
Estatus retirado Estado de pérdida Estado de daño No para préstamo Biblioteca de origen Biblioteca actual Ubicación en estantería Fecha de adquisición Fuente de adquisición Total de préstamos Signatura topográfica completa Código de barras Visto por última vez Precio de reemplazo Tipo de ítem Koha
        Biblioteca del Ateneo de Madrid Biblioteca del Ateneo de Madrid Galería 17/01/2008     C-22448 1112969 23/02/2023 23/02/2023 Libro impreso